Cheese by letter Quiz Stats

 Plays Quiz not verified by Sporcle

Also try: Click a Rick
Challenge
Share
Tweet
Embed
Score 0/26 Timer 05:00
0 Plays Today
Hint Answer % Correct
CCheddar
96.6%
BBrie
85.2%
GGouda
85.2%
MMozzarella
79.5%
EEmmental
71.6%
SSwiss
69.3%
FFeta
64.8%
PPaneer
62.5%
HHalloumi
61.4%
AAsiago
58%
JJarlsberg
56.8%
RRaclette
51.1%
LLimburger
35.2%
Hint Answer % Correct
QQueso blanco
20.5%
WWensleydale
19.3%
TTaleggio
18.2%
DDanablu
11.4%
VVelveeta
8%
IImsil
4.5%
KKorbáciky
3.4%
NNeufchâtel
3.4%
OOszczypek
2.3%
UUrda
2.3%
XXynomizithra
2.3%
YYaroslavsky
2.3%
ZZakusochny
2.3%

You're not logged in!

Compare scores with friends on all Sporcle quizzes.
Join for Free
OR
Log In

You Might Also Like...

Show Comments

Extras

Top Quizzes Today


Score Distribution

Your Account Isn't Verified!

In order to create a playlist on Sporcle, you need to verify the email address you used during registration. Go to your Sporcle Settings to finish the process.

Report this User

Report this user for behavior that violates our Community Guidelines.

Details: